On This Day: December 20th Quiz Stats

 Plays Quiz Updated Dec 20, 2017

Challenge
Share
Tweet
Embed
Score 0/7 Timer 03:00
0 Plays Today
Question Answer Wrong Answers
This now-popular Christmas film starring Jimmy Stewart opens in New York City.
1946
It's a Wonderful Life
87.7%
White Christmas
2.9%
Miracle on 34th Street
8.1%
Holiday Affair
0.5%
Elizabeth II becomes the oldest monarch of the United Kingdom, surpassing ______.
2007
Queen Victoria
86.1%
King George III
6.8%
King Henry III
3%
King James VI
2.1%
This city is proclaimed the capital of Wales, United Kingdom.
1955
Cardiff
84.2%
Swansea
4.8%
Newport
5.7%
Aberystwyth
4.1%
The United States invades Panama and deposes this de facto ruler.
1989
Manuel Noriega
70.2%
Omar Torrijos
1.9%
Juan Carlos Varela
6.9%
Daniel Ortega
19.1%
______ becomes the first state to attempt to secede from the United States.
1860
South Carolina
67.1%
Kentucky
5.3%
Virginia
14.9%
Georgia
12.5%
The Siege of Zaragoza, a particularly brutal battle in this war for control of Iberia, begins.
1808
Peninsular War
46.8%
Spanish Civil War
32.9%
First Barbary War
14.9%
War of 1812
5.5%
This international aid organization is founded by Bernard Kouchner and a group of journalists in Paris, France.
1971
Doctors Without Borders
29%
UNICEF
25.8%
Amnesty International
39.7%
World Vision International
3.8%

Today's Daily Dose

You're not logged in!

Compare scores with friends on all Sporcle quizzes.
OR
Log In

You Might Also Like...

Show Comments

Extras

Top Quizzes Today


Score Distribution

Your Account Isn't Verified!

In order to create a playlist on Sporcle, you need to verify the email address you used during registration. Go to your Sporcle Settings to finish the process.

Report this User

Report this user for behavior that violates our Community Guidelines.

Details: